| 000 | 00704nam a2200253 a 4500 | ||
|---|---|---|---|
| 999 |
_c11794 _d11794 |
||
| 001 | 11794 | ||
| 003 | BD-JhCC | ||
| 005 | 20201015134946.0 | ||
| 008 | 201015b20161991nyua|||| |||| 001 0 eng d | ||
| 020 | _a9780241238905 | ||
| 035 | _a(BD-JhCC)11794 | ||
| 040 |
_aBD-JhCC _dBD-JhCC |
||
| 041 | _aeng | ||
| 082 |
_a031 _bDKC 2016 |
||
| 110 | _aDK Publishing, Inc. | ||
| 245 |
_aDK children's illustrated encyclopedia / _cDK Publishing, Inc. |
||
| 250 | _a8th ed. | ||
| 260 |
_aUnited Kingdom : _bDorling Kindersley, _c2016 |
||
| 300 |
_a600 p. : _billus. ; |
||
| 504 | _aIncludes index. | ||
| 650 | _aChildren's encyclopedias and dictionaries | ||
| 710 | _aDK Publishing, Inc. | ||
| 942 |
_2ddc _cBK |
||